000 00321nam a22000977a 4500
008 150723b xxu||||| |||| 00| 0 eng d
010 _8HCCRS ARF:034
245 _aHIGH COURT CRIMINAL SESSION NO.173 OF 1976 Uganda Vs Akwangu s/o Nekerawo Otto
260 _aHigh Court Kampala
500 _3Before: Hon. Mr. Justice P.A.P.J.Allen
999 _c8089
_d8089